000 003870000a22001090004500
090 _aAS
_bSeriadas
245 1 0 _aFamilia Phakopsoraceae (<Uredinales>). 1. Géneros anamórficos y teliomórficos
041 0 _aEspañol
100 1 _aBuriticá, Pablo
_999083
942 _cARTICULO
773 1 _tRevista de la Academia Colombiana de Ciencias Exactas, Fisicas y Naturales
_332
_h72
_q47-62
_d1994
_g19
999 _c14043
_d14043